MDQL
is popping MORE tags! Check the
thread
!
Quizzes
Events
Quiz Creation
Community
Videos
Private Events
Remove Ads
Sign In
Join for FREE
Feedback
Dark Mode
Quiz Categories
Sports
Geography
Music
Movies
Television
Just For Fun
Miscellaneous
History
Literature
Language
Science
Gaming
Entertainment
Religion
Holiday
For Kids
Quiz Lab
Recent
Popular Today
Quiz Kudos Today
Editor Picks
Curator Picks
Quizzes by...
Day
Popularity
Type
Ratings
Length
Year
Community
Subscriptions
Recent Discussions
Orange Saloon
Badges
Playlists
Quests
Create
Leaderboards
Showdown
Live 5
Trivia Bingo
Activity
Puzzle Library
Sporcle Events
Private Events
Virtual Trivia
Globe League
Become a Host
Pub Owners
SporcleCon
Opinionation
Our Games
Videos
Blog
Mobile Apps
Partnerships
Remove Ads and Go Orange
Feedback
Miscellaneous
Crossword
General Knowledge
Baby Names
Logo
Food
Cars
Numbers
Grab Bag
University
College
Popular
Company
Slogans
Restaurants
Justice
Letter
Miscellaneous
Crossword
General Knowledge
Baby Names
Logo
Food
Cars
Numbers
Grab Bag
University
College
Popular
Company
Slogans
Restaurants
Justice
Letter
Random Quiz
Search Sporcle
×
Quiz Lab
Quiz Lab
Miscellaneous
Country
Type answers based on single images at one time
Type answers based on single images at one time
Slideshow
Best Score? Go Orange.
Slideshow: Royals of Europe Stats
Can you name the countries of Europe having royalty? Don't forget the small ones.
By
GERqad
5m
12 Questions
124 Plays
124 Plays
124 Plays
Comments
Comments
Give Quiz Kudos
Give Quiz Kudos
-
- Ratings
hide this ad
Replay
Link that replays current quiz
Next Quiz
Link to next quiz in quiz playlist
You Got
0%
They Got
Avg Score
75%
Avg Friend Score
Upgrade to see
Score Distribution
Jump to the score distribution portion of the page
Score
0/12
Timer
05:00
0
Plays Today
% Correct
United Kingdom
89.5%
Spain
89.5%
Sweden
87.9%
Monaco
87.1%
Netherlands
86.3%
Belgium
85.5%
Luxembourg
72.6%
Denmark
69.4%
Norway
66.1%
Liechtenstein
65.3%
Vatican
55.6%
Andorra
54.8%
Quiz Playlist
Details
Report
Send in Message
Add To Playlist
Slideshow:
Type answers based on single images at one time
Last Updated: Aug 20, 2017
Quiz Scoreboard
CHALLENGE
Sign Up to Join the Scoreboard
Show All
Scores
Hide
Comments
May contain spoilers
Recently Published
Street Fighter Characters
by Artimus82
Gaming
60s
9x9 Crossword: Cartoon Network
by jackfrog10
Miscellaneous
3m
College Basketball Coaching Resumes
by pancakes188
Sports
9m
More to Explore
Quiz From the Vault
Featured Blog Post
Where Did the Easter Bunny Come From?
hide this ad
You Might Also Like...
Tags
Country Quiz
Europe Quiz
Having
Royal
Royalty
Slideshow
Today's Top Quizzes in Miscellaneous
Browse Miscellaneous
hide this ad
Today's Top Quizzes in Country
Browse Country
Top Contributed Quizzes in Miscellaneous
1
5-to-1: Fast Food
2
The JOE quick-fire general knowledge quiz: Day 174
3
The JOE quick-fire general knowledge quiz: Day 173
4
5-to-1: Cocktails
5
The JOE quick-fire general knowledge quiz: Day 172
6
9x9 Crossword: Disney Movie Titles
7
Sunday Crossword: Famous Bodies of Water
8
9x9 Crossword: Charlie and the Chocolate Factory
9
The JOE quick-fire general knowledge quiz: Day 171
10
One Thing in Common: United Kingdom II
Explore More
Trending Topics
Crossword
Disney
Anime
Kpop
NBA
Harry Potter
Marvel
NFL
WWE
Puzzle
Song
Soccer
The Office
Country
Pokémon
hide this ad
More By:
GERqad
Quiz
Plays
Rating
Category
Featured
Created
Countries of Europe (German)
1,805
5.00
Geography
Jun 1, 2017
Most populous cities in NRW on map
633
5.00
Geography
Jun 24, 2017
Countries of Africa (German)
331
5.00
Geography
Jul 13, 2017
Capitals of Europe (German)
171
4.00
Geography
Jul 2, 2017
Cantons of Switzerland (German)
131
5.00
Geography
Jul 16, 2017
Go to Creator's Profile
Score Distribution
Quiz Creator Spotlight
GERqad
Follow
Send a Message
Quizzes Created
-
Created Quiz Play Count
-
More By This Creator
Popular Quizzes Today
1
Find the US States - No Outlines Minefield
2
Find the Countries of Europe - No Outlines Minefield
3
The Countries of the World
4
Find the US States
5
Risky Map Clicking: Biggest States A-Z
6
US States
7
Popular People in 1961
8
Movies - When Are They Set?
More Miscellaneous Quizzes
Harry Potter - Spell the Spell!
Curator's Pick
Trending Quizzes
Risky Map Clicking: Least Populous States A-Z
Countries of the World: 200 Million BC
1-10 Letter G Words
Risky Map Clicking: Next State Alphabetically
Adjectives in 80s TV Shows
Recently Updated
Leaping Animals
pecheneg
Reality TV Shows (A-Z)
bhenderson79
Rickey Henderson's Hall of Fame Teammates
pecheneg
Champions League XIs: Arsenal
pecheneg
Quick Pick: Celebrities in WWE's Hall of Fame
aduchscher
A-Z Keypad Blitz II
pecheneg
Multiple Oscar Actors
pecheneg
Mystery Phrase Blitz: Oscar 'Best Actors'
pecheneg
F. Scott Fitzgerald Novels
LTH
Pick 3 Villains
ddd62291
Trending Topics
Marvel
Harry Potter
Anime
Crossword
Disney
NBA
Kpop
Pokémon
The Office
WWE
Puzzle
Soccer
Song
NFL
Country
Your Account Isn't Verified!
In order to create a playlist on Sporcle, you need to verify the email address you used during registration. Go to your
Sporcle Settings
to finish the process.
Report this User
Report this user for behavior that violates our
Community Guidelines
.
Details:
Send Report
Go to the Sporcle.com Mobile Site →
Comments